00903 2200277 4500001002100000005001700021008004100038020001800079035002400097082001100121090002100132100002000153245022300173260002800396300002400424500003100448650003300479700002000512700001800532850001500550980001500565985000600580986000900586999001500595999001500610YOGYA-0209000000267220090227020545.0 ind  a979-732-450-8 0010-020900000002672 a155.93 a155.93bSta MlT aStahl, Philip M aMenjadi orang tua setelah penceraianbPedoman untuk menyelesaian konflik dan cara untuk memenuhi kebutuhan Putra-putri anda : Parenting after divorcecPhilip M Stahl ; editor, Diana Novita ; alih bahasa, Ursula Gyani B aJakartabGrasindoc2004 axxx, 197 hlmc23 cm aBibliografi : hlm. 195-197 aPerceraian - aspek psikologi aGyani B, Ursula aNovita, Diane aYOPDYOG[B] a17-05-2005 a2 aSofi a04B0003229 a04B0003230